[Event "Mont de Marsan op"]
[Site "Mont de Marsan"]
[Date "2005.12.27"]
[Round "4"]
[White "Zharkov, Hleb"]
[Black "Schoucair, Henry"]
[Result "1-0"]
[WhiteElo "2235"]
[BlackElo "2122"]
[PlyCount "66"]
[EventDate "2005.12.26"]
[EventType "swiss"]
[EventRounds "7"]
[EventCountry "FRA"]
[SourceTitle "CBM 110 Extra"]
[Source "ChessBase"]
[SourceDate "2006.03.10"]
[SourceVersion "2"]
[SourceVersionDate "2006.03.10"]
[SourceQuality "1"]

1. Nf3 Nf6 2. c4 g6 3. Nc3 d5 4. cxd5 Nxd5 5. g3 Bg7 6. Bg2 0-0 7. 0-0 c5 8. d4 cxd4 9. Nxd4 Nxc3 10. bxc3 Qa5 11. Qb3 Nc6 12. Be3 Rd8 13. Rfd1 Bd7 14. a4 Rab8 15. h4 Nxd4 16. Bxd4 Be6 17. Qa3 Bf6 18. Bxf6 Rxd1+ 19. Rxd1 exf6 20. Qb4 Qc7 21. Qd4 b5 22. axb5 Rxb5 23. Qxf6 Rb8 24. h5 Qc5 25. Rd8+ Rxd8 26. Qxd8+ Qf8 27. Qc7 a6 28. Bb7 gxh5 29. Bxa6 Qh6 30. Qf4 Qg7 31. Qb8+ Qf8 32. Qxf8+ Kxf8 33. Bb7 Ke7 1-0

[Event "Paris-ch"]
[Site "Paris"]
[Date "2005.07.15"]
[Round "7"]
[White "Zharkov, Hleb"]
[Black "Rrhioua, Tarik"]
[Result "0-1"]
[WhiteElo "2219"]
[BlackElo "2315"]
[PlyCount "52"]
[EventDate "2005.07.10"]
[EventType "swiss"]
[EventRounds "9"]
[EventCountry "FRA"]
[SourceTitle "CBM 107 Extra"]
[Source "ChessBase"]
[SourceDate "2005.09.01"]
[SourceVersion "1"]
[SourceVersionDate "2005.09.01"]
[SourceQuality "1"]

1. d4 Nf6 2. Nf3 g6 3. c4 Bg7 4. Nc3 0-0 5. e4 d6 6. Be2 e5 7. d5 a5 8. Bg5 Na6 9. Nd2 h6 10. Bh4 Nc5 11. b3 g5 12. Bg3 h5 13. Bxh5 Nd3+ 14. Kf1 g4 15. Bh4 Nxf2 16. Bxf2 Nxh5 17. g3 Bh6 18. Qe1 Qg5 19. Rd1 f5 20. exf5 Bxf5 21. Nde4 Qg6 22. Kg2 Nf6 23. Nxf6+ Rxf6 24. Qe2 Raf8 25. Rhf1 Bc2 26. Rg1 Rf3 0-1

[Event "Paris-ch"]
[Site "Paris"]
[Date "2005.07.12"]
[Round "4"]
[White "Leroux, Richard"]
[Black "Zharkov, Hleb"]
[Result "1/2-1/2"]
[WhiteElo "2200"]
[BlackElo "2219"]
[PlyCount "143"]
[EventDate "2005.07.10"]
[EventType "swiss"]
[EventRounds "9"]
[EventCountry "FRA"]
[SourceTitle "CBM 107 Extra"]
[Source "ChessBase"]
[SourceDate "2005.09.01"]
[SourceVersion "1"]
[SourceVersionDate "2005.09.01"]
[SourceQuality "1"]

1. d4 d5 2. c4 c6 3. Nf3 Nf6 4. Nc3 e6 5. e3 Nbd7 6. Bd3 dxc4 7. Bxc4 b5 8. Bd3 Bd6 9. e4 e5 10. 0-0 0-0 11. Bg5 a6 12. Ne2 Qb6 13. Bxf6 gxf6 14. Ng3 Re8 15. Nf5 Bf8 16. N3h4 exd4 17. Qg4+ Kh8 18. f4 Nc5 19. Rf3 Ne6 20. Rg3 Ng7 21. e5 fxe5 22. fxe5 Rxe5 23. Qf4 Qc7 24. Rf1 Bxf5 25. Nxf5 Nxf5 26. Bxf5 f6 27. Rh3 h6 28. Bc2 Qg7 29. Rhf3 c5 30. h4 c4 31. Rg3 Qe7 32. Qg4 Bg7 33. Qxd4 Qc5 34. Qxc5 Rxc5 35. Re1 Rc7 36. Bf5 b4 37. Rg4 h5 38. Rge4 Rc5 39. Re8+ Rxe8 40. Rxe8+ Bf8 41. Rxf8+ Kg7 42. Rc8 Rxf5 43. Rxc4 a5 44. a3 bxa3 45. bxa3 Kf7 46. Kh2 Ke6 47. Kg3 Rb5 48. Kf4 Rd5 49. Kg3 Re5 50. Kf4 Rf5+ 51. Kg3 Rb5 52. Ra4 Kf5 53. Kh3 Rc5 54. g3 Ke5 55. Kg2 f5 56. Kf3 Rb5 57. Ke3 Rb3+ 58. Kf2 Rb5 59. Kf3 Rb3+ 60. Kg2 Rb5 61. Rc4 Rb2+ 62. Kh3 Kd5 63. Rf4 Ke5 64. Ra4 Rb5 65. Rc4 Kd5 66. Ra4 Ke5 67. Kg2 Rb2+ 68. Kf3 Rb3+ 69. Kg2 Rb2+ 70. Kh3 Rb5 71. Rf4 Rb3 72. Ra4 1/2-1/2

[Event "FRA-chT2 0405"]
[Site "France"]
[Date "2005.04.03"]
[Round "11.1"]
[White "Zharkov, Hleb"]
[Black "Etchegaray, Patrice"]
[Result "1-0"]
[WhiteElo "2219"]
[BlackElo "2386"]
[PlyCount "163"]
[EventDate "2004.10.10"]
[EventType "team"]
[EventRounds "11"]
[EventCountry "FRA"]
[SourceTitle "EXT 2006"]
[Source "ChessBase"]
[SourceDate "2005.11.24"]
[SourceVersion "1"]
[SourceVersionDate "2005.11.24"]
[SourceQuality "1"]

1. d4 Nf6 2. Nf3 g6 3. Bf4 Bg7 4. e3 0-0 5. c4 c5 6. Nc3 cxd4 7. exd4 d5 8. Be2 Nc6 9. 0-0 Bg4 10. h3 Bxf3 11. Bxf3 dxc4 12. d5 Nb4 13. d6 Nd3 14. Bxb7 Nxf4 15. dxe7 Qxe7 16. Bxa8 Nxh3+ 17. gxh3 Rxa8 18. Qf3 Rb8 19. Rfe1 Qc7 20. Re2 h5 21. Rae1 Qb7 22. Qxb7 Rxb7 23. Rd1 Bf8 24. Rd8 Rc7 25. Nb5 Rc5 26. Rb8 a6 27. Nc3 Rc6 28. Na4 Kg7 29. Rb6 Rc7 30. Rxa6 Nd5 31. Nc3 Nf4 32. Re3 Bc5 33. Rf3 g5 34. h4 Nd3 35. hxg5 Re7 36. Ra5 Bd4 37. Rd5 Bb6 38. a4 h4 39. a5 Ba7 40. Rfxd3 cxd3 41. b4 Kg6 42. b5 Rc7 43. Rxd3 Rc5 44. b6 Rxg5+ 45. Kf1 Rxa5 46. bxa7 Rxa7 47. Kg2 Rc7 48. Nd5 Rc4 49. Ne3 Rf4 50. Nd1 Rg4+ 51. Kh3 Rf4 52. f3 Ra4 53. Nf2 Rb4 54. Re3 Ra4 55. Nd3 Kg5 56. f4+ Kf5 57. Kxh4 f6 58. Kg3 Ra3 59. Kf3 Ra4 60. Re8 Rd4 61. Ke3 Rc4 62. Re7 Ra4 63. Rc7 Re4+ 64. Kf3 Rd4 65. Rc5+ Kg6 66. Ke3 Ra4 67. Rb5 Ra3 68. Ke4 Ra4+ 69. Rb4 Ra1 70. Rb2 Ra4+ 71. Nb4 Kf7 72. Kf3 Kg6 73. Nc2 Ra7 74. Ne3 Ra3 75. Rg2+ Kf7 76. f5 Rb3 77. Ra2 Rb5 78. Ra7+ Kf8 79. Ke4 Re5+ 80. Kf4 Rc5 81. Kg4 Re5 82. Ng2 1-0

[Event "FRA-chT2 0405"]
[Site "France"]
[Date "2005.03.13"]
[Round "9.3"]
[White "Zharkov, Hleb"]
[Black "Aguirre, Simon"]
[Result "0-1"]
[WhiteElo "2219"]
[BlackElo "2212"]
[PlyCount "80"]
[EventDate "2004.10.10"]
[EventType "team"]
[EventRounds "11"]
[EventCountry "FRA"]
[SourceTitle "EXT 2006"]
[Source "ChessBase"]
[SourceDate "2005.11.24"]
[SourceVersion "1"]
[SourceVersionDate "2005.11.24"]
[SourceQuality "1"]
[WhiteTeam "Montpellier  II"]
[BlackTeam "Tournefeuille"]
[WhiteTeamCountry "FRA"]
[BlackTeamCountry "FRA"]

1. d4 d5 2. c4 c6 3. Nf3 Nf6 4. Nc3 dxc4 5. a4 Bf5 6. e3 e6 7. Bxc4 Bb4 8. 0-0 Nbd7 9. Qe2 Ne4 10. Nd2 Nxc3 11. bxc3 Bxc3 12. e4 Bg6 13. Rb1 Bxd4 14. Rxb7 0-0 15. Ba3 Nc5 16. Bxc5 Bxc5 17. Nb3 Bb6 18. Rd1 Qh4 19. a5 Bh5 20. Qf1 Qxf2+ 21. Qxf2 Bxf2+ 22. Kxf2 Bxd1 23. Nc5 Rfd8 24. Nd7 Ba4 25. Ne5 Bb5 26. Bb3 Rd2+ 27. Ke3 Rad8 28. Kf4 Rb2 29. Bc4 Rxg2 30. Nxf7 Rf2+ 31. Ke5 Rxf7 32. Bxe6 Re8 33. Rxf7 Rxe6+ 34. Kxe6 Bc4+ 35. Kd6 Kxf7 36. Kxc6 Ke6 37. Kc5 Ba6 38. Kd4 g5 39. Ke3 Ke5 40. Kf3 h5 0-1

[Event "France-ch U18"]
[Site "Reims"]
[Date "2004.04.23"]
[Round "7"]
[White "Meynard, Thibault"]
[Black "Zharkov, Hleb"]
[Result "0-1"]
[WhiteElo "2270"]
[BlackElo "2219"]
[PlyCount "202"]
[EventDate "2004.04.??"]
[EventType "swiss"]
[EventRounds "9"]
[EventCountry "FRA"]
[SourceTitle "EXT 2005"]
[Source "ChessBase"]
[SourceDate "2004.11.15"]
[SourceVersion "1"]
[SourceVersionDate "2004.11.15"]
[SourceQuality "1"]

1. d4 d5 2. c4 c6 3. cxd5 cxd5 4. Nc3 Nf6 5. Bf4 a6 6. e3 Nc6 7. Rc1 Bf5 8. Nf3 e6 9. Qb3 Na5 10. Qa4+ Nc6 11. Ne5 Qb6 12. Nxc6 bxc6 13. a3 Nd7 14. b4 e5 15. Bxe5 Nxe5 16. dxe5 Bd7 17. Qc2 a5 18. Na4 Qc7 19. e6 Bxe6 20. Nc5 axb4 21. axb4 Qb6 22. Qc3 Rb8 23. Bd3 Qxb4 24. Qxb4 Rxb4 25. Nxe6 fxe6 26. Rxc6 Kd7 27. Ra6 Rb3 28. Bc2 Bb4+ 29. Kd1 Rb2 30. Ra7+ Kd6 31. Ra6+ Ke7 32. Ra7+ Kd6 33. Ra6+ Kc7 34. Kc1 Bc3 35. Rd1 Rc8 36. Rd3 Bf6 37. Rd2 Kd7 38. Kd1 Rb4 39. h3 Bc3 40. Rd3 Ke7 41. f4 Rb2 42. Kc1 Bf6 43. Rd2 Rb3 44. Re2 Rbc3 45. Kd1 h6 46. Ra7+ Kf8 47. Ra2 Be7 48. Ke1 Bc5 49. Kd2 Bb4 50. Kd1 R8c4 51. Ra8+ Kf7 52. Ra7+ Kf6 53. Ra6 Ke7 54. g4 Bc5 55. f5 exf5 56. gxf5 Kd8 57. Rd2 Kc7 58. Bd3 Rc1+ 59. Ke2 Rh4 60. Bb5 Rxh3 61. Rxd5 Rxe3+ 62. Kd2 Rec3 63. Rd7+ Kb8 64. Bd3 Bb4 65. Ke2 Re1+ 66. Kf3 Re7 67. Rd5 Bc5 68. Kf4 Kc7 69. Bb5 Be3+ 70. Kg4 Bb6 71. Kf4 Be3+ 72. Kg4 Bb6 73. Ra4 Rc5 74. Rxc5+ Bxc5 75. Kh5 Be3 76. Kg6 Kb6 77. Bc4 Bg5 78. Bd5 Bf6 79. Rc4 Re3 80. Rc6+ Kb5 81. Rc2 Rg3+ 82. Kf7 Kb4 83. Rh2 Kc5 84. Be6 Rg5 85. Rh4 Kd6 86. Re4 Rg3 87. Bc4 h5 88. Be2 h4 89. Rg4 Re3 90. Bf1 h3 91. Rg1 h2 92. Rh1 Be5 93. Bg2 Rg3 94. Be4 Rg1 95. Bf3 Kc5 96. Ke6 Kd4 97. Bb7 Rxh1 98. Bxh1 Bf6 99. Bg2 Ke3 100. Kd5 Kf2 101. Be4 Kg1 0-1

[Event "France-ch U18"]
[Site "Reims"]
[Date "2004.04.22"]
[Round "6"]
[White "Zharkov, Hleb"]
[Black "Truchot, Baptiste"]
[Result "1-0"]
[WhiteElo "2219"]
[BlackElo "2103"]
[PlyCount "43"]
[EventDate "2004.04.??"]
[EventType "swiss"]
[EventRounds "9"]
[EventCountry "FRA"]
[SourceTitle "EXT 2005"]
[Source "ChessBase"]
[SourceDate "2004.11.15"]
[SourceVersion "1"]
[SourceVersionDate "2004.11.15"]
[SourceQuality "1"]

1. d4 Nf6 2. Bg5 d6 3. Nc3 g6 4. e4 Bg7 5. Nf3 Nc6 6. h3 0-0 7. Qd2 Re8 8. 0-0-0 e5 9. dxe5 dxe5 10. Qxd8 Nxd8 11. Bxf6 Bxf6 12. Nd5 Re6 13. Nxc7 Rb8 14. Nxe6 Bxe6 15. Ne1 Nc6 16. Kb1 Rc8 17. c3 a5 18. Bb5 Na7 19. Ba4 Rc7 20. Bb3 Bd7 21. Bd5 Bg7 22. Nd3 1-0